Fr. Conceicao Rodrigues College of Engineering

Mobile communication and computing (Record no. 24101)

MARC details
000 -LEADER
fixed length control field 00312nam a2200145Ia 4500
082 ## - DEWEY DECIMAL CLASSIFICATION NUMBER
Classification number 621.382
Item number NIT
100 ## - MAIN ENTRY--PERSONAL NAME
Personal name Nitesh Bansal
245 ## - TITLE STATEMENT
Title Mobile communication and computing
260 ## - PUBLICATION, DISTRIBUTION, ETC.
Name of publisher, distributor, etc. Nandu
Date of publication, distribution, etc. 2016
300 ## - PHYSICAL DESCRIPTION
Extent 228
546 ## - LANGUAGE NOTE
Language note ENGLISH
650 ## - SUBJECT ADDED ENTRY--TOPICAL TERM
Topical term or geographic name entry element mobile communication
942 ## - ADDED ENTRY ELEMENTS (KOHA)
Koha item type BOOK
Holdings
Withdrawn status Lost status Damaged status Not for loan Collection Home library Current library Shelving location Date acquired Total Checkouts Full call number Barcode Date last seen Price effective from Koha item type
        CRC Fr. Agnel's C.Rodrigues College of Engineering Fr. Agnel's C.Rodrigues College of Engineering   17/03/2023   621.382 NIT 24066 17/03/2023   BOOK